History Quiz

Random History or Century Quiz

World Leaders Venn Diagram Quiz Stats

 Plays Quiz Updated Oct 11, 2017

Challenge
Share
Tweet
Score 0/8 Timer 02:00
0 Plays Today
% Correct
Bill Clinton
96.6%
John F. Kennedy
93%
Abraham
Lincoln
86.5%
Vladimir Putin
84.2%
Grover Cleveland
74.3%
William Ewart Gladstone
71.1%
John A.
Macdonald
57.8%
Georges Pompidou
56.7%

You're not logged in!

Compare scores with friends on all Sporcle quizzes.
Join for Free
OR
Log In

You Might Also Like...

Show Comments

Extras

Top Quizzes Today


Score Distribution

Your Account Isn't Verified!

In order to create a playlist on Sporcle, you need to verify the email address you used during registration. Go to your Sporcle Settings to finish the process.

Report this User

Report this user for behavior that violates our Community Guidelines.

Details: